000
00470nam a2200181Ia 4500
008
100917s9999 xx 000 0 und d
082
_b
40413
100
_a
भावे पु. भा.
245
_a
व्याध
260
_b
मेनका प्रकाशन
_c
1970
300
_a
132
365
_b
4.5
520
_a
कादंबरी
630
_a
व्याध
650
_a
कादंबरी
730
_a
व्याध
942
_c
BOOK
999
_c
645807
_d
645804